MARC
| LEADER | 00000cam a2200000 7i4500 | ||
|---|---|---|---|
| 001 | 0000023381 | ||
| 005 | 20110727.0 | ||
| 040 | |a INS | ||
| 090 | 0 | 0 | |a VCD 611 |
| 245 | 0 | 0 | |a Literature review : |b Introduction [ |h video disc] |
| 260 | |a Bangi : |b Inspen , |c 2003 | ||
| 300 | |a 2 videodisc (124 min.) : |b sd., col. ; |c 4 3/4 in. | ||
| 500 | |a Also available in vhs format : VHS 611 | ||
| 650 | 0 | 0 | |a Research |
| 999 | |a VCD0000611 |b VIDEO CD |c Media Collection |e Default branch | ||